000 00331nam a2200145Ia 4500
008 230718s9999 xx 000 0 und d
041 _aEng.
082 _a349246633
_bCHR-L
100 _aChristianson, Sieke
245 0 _alimacionflicis 1
260 _aPakistan
_bSpringer
_c2015
300 _a243
650 _aLaw
999 _c31916
_d31916